000 00319nam a2200145Ia 4500
008 230718s9999 xx 000 0 und d
041 _aEng.
082 _a519.5
_bCH.-(
100 _ach. Prof Shee M
245 0 _a(Part 1)
260 _aPakistan
_bIlmi kilahka
_c2008
300 _a582
650 _aLaw
999 _c26465
_d26465